[Event "HUN-ch U10"]
[Site "Balatonlelle"]
[Date "2016.06.28"]
[Round "7"]
[White "Sandor, Adam David"]
[Black "Szalay Ocsak, Bank"]
[Result "1/2-1/2"]
[WhiteElo "1211"]
[BlackElo "1144"]
[PlyCount "43"]
[EventDate "2016.06.24"]
[EventType "swiss"]
[EventRounds "9"]
[EventCountry "HUN"]
[SourceTitle "CBM 173 Extra"]
[Source "ChessBase"]
[SourceDate "2016.08.29"]
[SourceVersion "1"]
[SourceVersionDate "2016.08.29"]
[SourceQuality "1"]

1. e4 c5 2. Nf3 Nc6 3. Nc3 Nf6 4. e5 Ng4 5. Qe2 Qc7 6. Nd5 Qb8 7. d3 d6 8. exd6 Qxd6 9. Nc3 Nd4 10. Nxd4 cxd4 11. Ne4 Qc7 12. h3 Nf6 13. Nxf6+ gxf6 14. g3 Qc6 15. Rg1 Bd7 16. Bg2 Qc7 17. Bf4 e5 18. g4 Be7 19. Bg3 Qa5+ 20. Kd1 Qb4 21. Kc1 Rc8 22. Qd2 1/2-1/2